| 000 | 00760cam a2200277 i 4500 | ||
|---|---|---|---|
| 999 |
_c5793 _d5793 |
||
| 001 | 5793 | ||
| 003 | BD-JhCC | ||
| 005 | 20171227161339.0 | ||
| 008 | 780426s1978 nyua b 001 0 eng | ||
| 020 | _a0120595656 | ||
| 035 | _a(BD-JhCC)5793 | ||
| 040 |
_aDLC _cDLC _dDLC _dBD-JhCC |
||
| 041 | _aeng | ||
| 050 | 0 | 0 |
_aQA39.2 _b.A56 1978 |
| 082 | 0 | 0 |
_a510 _bANT 1978 |
| 100 | 1 | _aAnton, Howard. | |
| 245 | 1 | 0 |
_aApplied finite mathematics / _cHoward Anton, Bernard Kolman. |
| 250 | _a2d ed. | ||
| 260 |
_aNew York : _bAcademic Press, _cc1978. |
||
| 300 |
_axv, 558 p. : _bill. ; _c24 cm. |
||
| 504 | _aIncludes bibliographies and index. | ||
| 650 | 0 | _aMathematics. | |
| 700 | 1 |
_aKolman, Bernard, _d1932- |
|
| 942 |
_2ddc _cBK |
||